Dolor y Providencia (Record no. 823071)
[ view plain ]
| 000 -CABECERA | |
|---|---|
| Campo de control de longitud fija | 00558nam a2200193 4500 |
| 001 - NÚMERO DE CONTROL | |
| Campo de control | VA43946 |
| 003 - IDENTIFICADOR DEL NÚMERO DE CONTROL | |
| Campo de control | ES-SlBCS |
| 005 - FECHA Y HORA DE LA ÚLTIMA TRANSACCIÓN | |
| Campo de control | 20210601155903.0 |
| 008 - CÓDIGOS DE INFORMACIÓN DE LONGITUD FIJA | |
| Campo de control de longitud fija | 140520s1960 xxu||||| |||| 00| 0 spa d |
| 041 ## - CÓDIGO DE LENGUA | |
| Código de lengua del texto/banda sonora o título independiente | spa |
| 100 1# - PUNTO DE ACCESO PRINCIPAL-NOMBRE DE PERSONA | |
| Nombre de persona | D'arcy, M. C. |
| 9 (RLIN) | 64847 |
| 245 10 - MENCIÓN DE TÍTULO | |
| Título | Dolor y Providencia |
| Mención de responsabilidad, etc. | M. C. D'Arcy; Julio Aguilar |
| 260 ## - PUBLICACIÓN, DISTRIBUCIÓN, ETC... (PIE DE IMPRENTA) | |
| Lugar de publicación, distribución, etc. | Madrid : |
| Nombre del editor, distribuidor, etc. | Studium |
| Fecha de publicación, distribución, etc. | , 1960 |
| 300 ## - DESCRIPCIÓN FÍSICA | |
| Extensión | 125 p.; |
| Dimensiones | 18 cm |
| 500 ## - NOTA GENERAL | |
| Nota general | Tít. orig.: The Pain of the World and the Providence of God |
| 650 04 - PUNTO DE ACCESO ADICIONAL DE MATERIA-TÉRMINO DE MATERIA | |
| Término de materia o nombre geográfico como elemento inicial | Dolor-Providencia Divina |
| 9 (RLIN) | 384998 |
| 700 1# - PUNTO DE ACCESO ADICIONAL-NOMBRE DE PERSONA | |
| Nombre de persona | Aguilar, Julio |
| 9 (RLIN) | 28161 |
| 942 ## - ENTRADA DE ELEMENTOS AGREGADOS (KOHA) | |
| Koha [por defecto] tipo de item | Libros |
| Suprimido | Perdido | Estropeado | No para préstamo | Localización permanente | Localización actual | Localización en estantería | Fecha adquisición | Préstamos totales | Signatura completa | Número de Registro / Código de Barras | Fecha última consulta | Fecha del precio de reemplazo | Tipo de item de Koha |
|---|---|---|---|---|---|---|---|---|---|---|---|---|---|
| San Esteban | San Esteban | Valladolid | 11/07/2014 | 51/A10 | VA43946 | 11/07/2014 | 11/07/2014 | Libros |
